Central Library OPAC University of Rajshahi

Organic chemistry : (Record no. 10603)

MARC details
000 -LEADER
fixed length control field 00843nam a2200265 i 4500
001 - CONTROL NUMBER
control field 10603
003 - CONTROL NUMBER IDENTIFIER
rucl marc code BD-RjUL
005 - DATE AND TIME OF LATEST TRANSACTION
control field 20211208235002.0
008 - FIXED-LENGTH DATA ELEMENTS--GENERAL INFORMATION
fixed length control field 140125s1975 caua b 000 0 eng
020 ## - INTERNATIONAL STANDARD BOOK NUMBER
International Standard Book Number 0805350020
035 ## - SYSTEM CONTROL NUMBER
System control number (BD-RjUL)10651
040 ## - CATALOGING SOURCE
Original cataloging agency DLC
Transcribing agency DLC
Modifying agency DLC
-- BD-RjUL
Language of cataloging eng
041 ## - LANGUAGE CODE
Language code of text/sound track or separate title eng
082 00 - DEWEY DECIMAL CLASSIFICATION NUMBER
Classification number 547.0076
Author mark and year MOO 1975
100 1# - MAIN ENTRY--PERSONAL NAME
Personal name Moriarty, Robert M.
9 (RLIN) 32780
245 10 - TITLE STATEMENT
Title Organic chemistry :
Remainder of title a problems approach /
Statement of responsibility, etc. Robert M. Moriarty, Charles W. Jefford.
260 ## - PUBLICATION, DISTRIBUTION, ETC. (IMPRINT)
Place of publication, distribution, etc. Menlo Park, Calif. :
Name of publisher, distributor, etc. W. A. Benjamin,
Date of publication, distribution, etc. c1975
300 ## - PHYSICAL DESCRIPTION
Pagination xiii, 652 p. :
Illustrations ill. ;
Size 23 cm.
504 ## - BIBLIOGRAPHY, ETC. NOTE
Bibliography, etc Includes bibliographical references.
650 #0 - SUBJECT ADDED ENTRY--TOPICAL TERM
Topical term or geographic name as entry element Chemistry, Organic
General subdivision Problems, exercises, etc.
9 (RLIN) 32781
700 1# - ADDED ENTRY--PERSONAL NAME
Personal name Jefford, Charles W.,
Relator term joint author.
942 ## - ADDED ENTRY ELEMENTS (KOHA)
Source of classification or shelving scheme Dewey Decimal Classification
Koha item type Books
Holdings
Lost status Source of classification or shelving scheme Damaged status Not for loan Collection code Permanent Location Current Location Shelving location Date acquired Source of acquisition Cost, normal purchase price Total Checkouts Full call number Date last seen Copy number Koha item type
  Dewey Decimal Classification   Not For Loan Non-fiction Central Library, University of Rajshahi Central Library, University of Rajshahi Reading Room 12/05/1977 W. Heffer and sons 12.60   547.0076 MOO 1975 25/01/2014 C-1 Books